[Event "Titled Tuesday intern op 11th Feb Early"]
[Site "Chess.com INT"]
[Date "2025.02.11"]
[Round "8"]
[White "Samunenkov, Igor"]
[Black "Andreikin, Dmitry"]
[Result "0-1"]
[WhiteElo "2550"]
[BlackElo "2695"]
[PlyCount "86"]
[EventDate "2025.02.11"]
[EventType "swiss (blitz)"]
[EventRounds "11"]
[EventCountry "USA"]
[SourceTitle "CB09_2025"]
[SourceDate "2025.02.27"]
[SourceVersion "1"]
[SourceVersionDate "2025.02.27"]
[SourceQuality "1"]

1. d4 Nf6 2. c4 e6 3. g3 Bb4+ 4. Bd2 Bxd2+ 5. Qxd2 d5 6. Nf3 0-0 7. Bg2 c6 8. 0-0 Nbd7 9. Rc1 b6 10. cxd5 cxd5 11. Nc3 Ba6 12. Ne5 Rc8 13. f4 Qe7 14. Rc2 Rc7 15. Rac1 Rfc8 16. h3 h6 17. a3 Qd8 18. g4 Ne8 19. e4 dxe4 20. Nxe4 Nxe5 21. Rxc7 Rxc7 22. Rxc7 Nf3+ 23. Bxf3 Nxc7 24. Ng3 Nd5 25. f5 Qc7 26. Kf2 Nf4 27. fxe6 Nxh3+ 28. Kg2 Nf4+ 29. Kf2 fxe6 30. Be4 Nh3+ 31. Kg2 Ng5 32. Qc2 Qf4 33. Qc6 Nxe4 34. Qxe6+ Qf7 35. Qxf7+ Kxf7 36. Nxe4 Bb7 37. Kf3 g6 38. Kf4 Bxe4 39. Kxe4 Ke6 40. a4 a5 41. b3 h5 42. gxh5 gxh5 43. Kf4 Kd5 0-1

[Event "Titled Tuesday intern op 11th Feb Early"]
[Site "Chess.com INT"]
[Date "2025.02.11"]
[Round "1"]
[White "Samunenkov, Igor"]
[Black "Arencibia Monduy, Antonio"]
[Result "1-0"]
[WhiteElo "2550"]
[BlackElo "2115"]
[PlyCount "125"]
[EventDate "2025.02.11"]
[EventType "swiss (blitz)"]
[EventRounds "11"]
[EventCountry "USA"]
[SourceTitle "CB08_2025"]
[SourceDate "2025.02.19"]
[SourceVersion "1"]
[SourceVersionDate "2025.02.19"]
[SourceQuality "1"]

1. d4 Nf6 2. c4 e6 3. Nf3 d5 4. g3 c6 5. Qc2 Nbd7 6. Bg2 Ne4 7. Nc3 f5 8. Bf4 Be7 9. h4 0-0 10. e3 Nxc3 11. Qxc3 Nf6 12. Ne5 Ne4 13. Qc2 Bb4+ 14. Ke2 Bd6 15. a3 Bd7 16. b4 Be8 17. h5 Rc8 18. c5 Bb8 19. Rag1 b6 20. g4 bxc5 21. bxc5 Qa5 22. gxf5 exf5 23. Bf3 Rc7 24. h6 g6 25. Bh5 Rb7 26. Bxg6 Bxg6 27. Nxg6 hxg6 28. Rxg6+ Kh8 29. h7 Bxf4 30. Rg8+ Rxg8 31. hxg8Q+ Kxg8 32. exf4 Qb5+ 33. Kf3 Qb3+ 34. Qxb3 Rxb3+ 35. Kg2 Rb2 36. Rh6 Rxf2+ 37. Kg1 Rxf4 38. Rxc6 Ng3 39. Rg6+ Kf7 40. Rxg3 Rxd4 41. Rb3 Ke6 42. Rb7 Rc4 43. Rxa7 Rxc5 44. Kf2 Ke5 45. a4 Rc2+ 46. Kf3 Rc3+ 47. Ke2 f4 48. Re7+ Kd4 49. Rf7 Ke4 50. Re7+ Kd4 51. Rf7 Ke5 52. Re7+ Kf6 53. Re8 Ra3 54. Rf8+ Ke5 55. Re8+ Kd6 56. Rd8+ Kc5 57. Rc8+ Kd4 58. Rf8 Kc3 59. Rxf4 d4 60. Rf3+ Kb2 61. Rxa3 Kxa3 62. a5 Kb2 63. Kd3 1-0